006170000a2200109000450024500420000030000450004252002560008777300490034394200080039295200900040099900170049010aCapital Humano para la Competitividad aVol.0, núm.12 (Mayo, 2009); Pág. 3-4 aLa necesidad de articular el sistema de educación media y superior con una estrategía global de competitividad para aumentar la productividad de Colombia ante el mundo es el llamado de la Comisión Nacional de Competitividad al sistema educativo.0 tEducación superior : Boletín informativo cANA 001040708HEMaFUSBCbFUSBCd2016-01-26l0o r2016-01-26 00:00:00w2016-01-26yANA c63477d63477